[Event "89th Hastings Masters 2013-14"]
[Site "Hastings ENG"]
[Date "2013.12.28"]
[Round "1.25"]
[White "Haria,R"]
[Black "Erzhanov,A"]
[Result "1-0"]
[WhiteElo "2160"]
[BlackElo "2325"]

1.e4 d6 2.d4 Nf6 3.Nc3 e5 4.Nf3 Nbd7 5.Bc4 Be7 6.O-O O-O 7.Re1 a6 8.a4 b6
9.b3 Bb7 10.Bb2 c6 11.d5 c5 12.Nd2 Ne8 13.Bf1 g6 14.Nc4 f5 15.exf5 gxf5 16.Qf3 Rf7
17.Rad1 Bf8 18.Qh3 Qg5 19.Bc1 Qf6 20.f4 Bg7 21.Bb2 Qg6 22.Be2 Rf8 23.Bh5 Qh6
24.Bxe8 Qxh3 25.gxh3 Raxe8 26.Nxd6 Rb8 27.Ne2 Rf6 28.Nxb7 Rg6+ 29.Kf2 Rxb7
30.fxe5 Nxe5 31.Nf4 Rg4 32.Bxe5 Bxe5 33.hxg4 Bxf4 34.gxf5 Bxh2 35.d6 Rd7
36.Re7 Rxd6 37.Rxd6 Bxd6 38.Re6 Bc7 39.Rc6 Be5 40.Rxb6 a5 41.Rb5 Bc3 42.Kf3 Bb4
43.Kg4 Kg7 44.Rb7+ Kh6 45.c4 Bc3 46.Rb5 Bb4  1-0

[Event "15th Czech Christmas"]
[Site "Litomysl CZE"]
[Date "2013.12.28"]
[Round "3.8"]
[White "Cap,A"]
[Black "Plat,V"]
[Result "0-1"]
[WhiteElo "2077"]
[BlackElo "2470"]

1.e4 d6 2.d4 Nf6 3.Nc3 e5 4.Nf3 Nbd7 5.Bc4 Be7 6.O-O O-O 7.Re1 c6 8.a4 a5
9.Bg5 Qc7 10.h3 Nb6 11.Bb3 Be6 12.Bxe6 fxe6 13.Qe2 Nh5 14.dxe5 dxe5 15.Bxe7 Qxe7
16.Nxe5 Nf4 17.Qg4 Qc5 18.Nf3 Nc4 19.e5 Nxb2 20.Ne4 Qxc2 21.Nfg5 Nbd3 22.Nxe6 Nxe6
23.Qxe6+ Kh8 24.Qd7 Rxf2 25.Qc8+ Rxc8  0-1

[Event "VII Stadium Casablanca Open 2013"]
[Site "Zaragoza ESP"]
[Date "2013.12.28"]
[Round "5.12"]
[White "Chueca Forcen,A"]
[Black "Esteban Romo,F"]
[Result "1-0"]
[WhiteElo "2326"]
[BlackElo "2055"]

1.e4 d6 2.d4 Nf6 3.Nc3 Nbd7 4.Nf3 e5 5.Bc4 Be7 6.h3 c6 7.a4 a5 8.Be3 O-O
9.Ba2 Qc7 10.O-O exd4 11.Nxd4 Nc5 12.Qf3 Kh8 13.Rad1 Qb6 14.Nb3 Be6 15.Nxc5 dxc5
16.e5 Nd5 17.Bxd5 cxd5 18.Nxd5 Bxd5 19.Rxd5 Qxb2 20.Bxc5 Bxc5 21.Rxc5 b6
22.Rc7 Qxe5 23.Rxf7 Qc5 24.Re1 Kg8 25.Rxf8+ Rxf8 26.Qe2 Rc8 27.Qe6+ Kh8 28.Re5 Qf8
29.Qxb6 Rxc2 30.Rf5 Rc1+ 31.Kh2 Qe8 32.Qxa5 h6 33.Qe5 Qg6 34.Rf8+ Kh7 35.Qd5  1-0

[Event "37th Zurich Christmas 2013"]
[Site "Zurich SUI"]
[Date "2013.12.28"]
[Round "4.7"]
[White "Popov,Iv RUS"]
[Black "Pikula,D"]
[Result "1-0"]
[WhiteElo "2644"]
[BlackElo "2499"]

1.e4 d6 2.d4 Nf6 3.Nc3 e5 4.dxe5 dxe5 5.Qxd8+ Kxd8 6.Bg5 c6 7.Bc4 Ke8 8.Nf3 Nbd7
9.a3 Be7 10.O-O a5 11.Rfd1 Ng4 12.Ba2 Bc5 13.Rf1 h6 14.Bh4 Ngf6 15.Rad1 Bb6
16.Bxf6 gxf6 17.Nd2 Bc7 18.Nc4 Ke7 19.Ne3 Nc5 20.Ned5+ cxd5 21.Nxd5+ Kd8
22.Nb6+ Ke7 23.Nxa8 Bd8 24.f3 h5 25.Rd5 b6 26.Rxd8 Rxd8 27.Nxb6 Be6 28.Nd5+ Kf8
29.b4 axb4 30.axb4 Na6 31.Rb1 f5 32.Bc4  1-0

[Event "12th Nantes Open"]
[Site "Nantes FRA"]
[Date "2013.12.29"]
[Round "5.11"]
[White "Durand-Le Ludec,Brendan-Bubok"]
[Black "Le Borgne,P"]
[Result "0-1"]
[WhiteElo "1890"]
[BlackElo "2257"]

1.e4 d6 2.d4 Nf6 3.Nc3 Nbd7 4.Nf3 e5 5.g4 h6 6.g5 hxg5 7.Bxg5 c6 8.Qd2 Qa5
9.Bd3 Be7 10.O-O-O a6 11.Kb1 Qc7 12.Ne2 b5 13.Ng3 g6 14.h4 Bb7 15.h5 O-O-O
16.hxg6 fxg6 17.Rxh8 Rxh8 18.Nh4 Nf8 19.dxe5 dxe5 20.Bf1 Kb8 21.Bh3 N8h7
22.Be3 Nxe4 23.Nxe4 Rd8 24.Qxd8+ Bxd8 25.Rd7 Bxh4 26.Rxc7 Kxc7 27.Nc5 Nf6
28.c4 bxc4 29.Nxb7 Kxb7 30.Bf1 Ng4 31.Bxc4 Bxf2 32.Bg5 Be3 33.Bh4 g5 34.Be1 Bf4
35.Be2 Ne3 36.Bf2 Nd5 37.Kc2 e4 38.Kb3 Be5 39.a3 Nf4 40.Bg4 Nd3 41.Be3 Bf4
42.Bd4 c5 43.Bc3 Be5 44.Bd2 Bf4 45.Bc3 Kb6 46.Bf5 Nf2 47.Be1 e3 48.Bxf2 exf2
49.Bd3 Be5 50.Kc2 a5 51.b3 a4 52.bxa4 Ka5 53.Kb3 g4 54.Bf1 g3 55.Bg2 Bf4
56.Bf1 Bc1 57.Bg2 Kb6 58.Kc4 Bxa3 59.Bh3 Ka5 60.Kb3 Bc1 61.Bg2 Bd2 62.Bf1 Kb6
63.Bg2 Kc7 64.Kc4 Kd6 65.Kd3 Ba5 66.Ke4 c4 67.Kd4 c3 68.Kd3 Kc5 69.Bf1 Kb4
70.Kc2 Kxa4 71.Bg2 Kb4 72.Bf1 Bc7 73.Bg2 Kc4 74.Bf1+ Kd4 75.Kd1 Ke3 76.Bg2 f1=Q+
77.Bxf1 Kf2 78.Bh3 g2 79.Bxg2 Kxg2 80.Kc2 Be5  0-1

[Event "37th Zurich Christmas 2013"]
[Site "Zurich SUI"]
[Date "2013.12.29"]
[Round "5.7"]
[White "Bartel,Mat"]
[Black "Kurmann,O"]
[Result "1-0"]
[WhiteElo "2649"]
[BlackElo "2427"]

1.e4 d6 2.d4 Nf6 3.Nc3 e5 4.Nf3 Nbd7 5.Bc4 Be7 6.O-O O-O 7.a4 a6 8.Re1 b6
9.b3 Bb7 10.Bb2 c6 11.Bd3 g6 12.Qd2 Re8 13.Rad1 Bf8 14.Qc1 b5 15.axb5 axb5
16.Ne2 exd4 17.Nexd4 Qb6 18.Qf4 Nh5 19.Qg4 Nhf6 20.Qh4 Bg7 21.Bc1 h5 22.h3 Nc5
23.Bg5 Nxd3 24.cxd3 Nh7 25.Be3 c5 26.Ne2 Qa5 27.Qg3 Ra6 28.Nf4 Qc3 29.Bd2 Qf6
30.Rc1 b4 31.Be3 Ra3 32.Nd2 Qe7 33.Rb1 Nf6 34.Nc4 Ra6 35.Bd2 Qd7 36.Be3 Qe7
37.Re2 Qd7 38.Rbe1 Kh7 39.Qg5 Qe7 40.Bc1 Nd7 41.Qg3 Bc3 42.Rf1 Qf6 43.Rc2 Ne5
44.Ne3 Bd4 45.Ned5 Qd8 46.h4 Ng4 47.Ne3 Nxe3 48.fxe3 Bf6 49.Nh3 Ra1 50.Rcf2 Re6
51.Ng5+ Bxg5 52.hxg5 Rxc1 53.Rxc1 Kg8 54.Rcf1 Re7 55.Rf6 Rd7 56.Qf4 Qe7 57.g4 hxg4
58.Qxg4 d5 59.Rxf7  1-0

[Event "37th Zurich Christmas 2013"]
[Site "Zurich SUI"]
[Date "2013.12.29"]
[Round "5.27"]
[White "Zozulia,A"]
[Black "Marentini,M"]
[Result "1-0"]
[WhiteElo "2339"]
[BlackElo "2117"]

1.e4 d6 2.d4 Nf6 3.Nc3 e5 4.Nf3 Nbd7 5.Bc4 Be7 6.O-O O-O 7.Re1 c6 8.a4 Qc7
9.Ba2 h6 10.h3 Re8 11.Be3 Nf8 12.Qd2 Be6 13.d5 Bd7 14.Rad1 Ng6 15.dxc6 bxc6
16.Bxh6 gxh6 17.Qxh6 d5 18.exd5 Bf5 19.d6 Bxd6 20.Qg5 Kg7 21.Qxf5 Bb4 22.Ne4 Nd5
23.c3  1-0

[Event "51st Groningen Open A 2013"]
[Site "Groningen NED"]
[Date "2013.12.30"]
[Round "9.48"]
[White "Gutkind,Kedem"]
[Black "Stavast,D"]
[Result "0-1"]
[WhiteElo "2066"]
[BlackElo "2066"]

1.e4 d6 2.d4 Nf6 3.Nc3 e5 4.dxe5 dxe5 5.Qxd8+ Kxd8 6.Bc4 Bb4 7.f3 Ke7 8.Bd2 Be6
9.Bxe6 fxe6 10.a3 Bd6 11.Be3 Nbd7 12.Nh3 h6 13.Nf2 a6 14.Nd3 c5 15.Ke2 b5
16.Rhd1 Rhc8 17.Rd2 c4 18.Nb4 Bc5 19.Rad1 a5 20.Bxc5+ Nxc5 21.Nba2 Rab8 22.Ke3 b4
23.axb4 axb4 24.Ne2 Rb6 25.g4 Ra8 26.Nac1 Ra1 27.h4 Rb1 28.c3 b3 29.Ng3 Ra6
30.Nxb3 Rxd1 31.Nxc5 Rxd2 32.Kxd2 Ra2 33.Kc2 Ra5 34.g5 Rxc5 35.gxf6+ Kxf6
36.Nf1 h5 37.Ne3 g5 38.hxg5+ Kxg5 39.b4 cxb3+ 40.Kxb3 Kf4 41.Kb4 Rc8 42.Nc4 Rxc4+
43.Kxc4 h4 44.Kb5 h3 45.c4 h2 46.c5 h1=Q  0-1

[Event "89th Hastings Masters 2013-14"]
[Site "Hastings ENG"]
[Date "2013.12.30"]
[Round "3.20"]
[White "Sowray,P"]
[Black "Mitchell,Rob1"]
[Result "1-0"]
[WhiteElo "2326"]
[BlackElo "1674"]

1.d4 d6 2.e4 Nf6 3.Nc3 c6 4.f4 Qa5 5.Bd3 e5 6.Nf3 exd4 7.Nxd4 g6 8.Be3 Bg7
9.Qd2 Nbd7 10.O-O-O Nc5 11.Kb1 Nxd3 12.Qxd3 Bg4 13.Rd2 Qa6 14.Qxa6 bxa6 15.Nxc6 O-O
16.Rxd6 Ne8 17.Rd3 Nc7 18.Nd5 Nxd5 19.exd5 Bf5 20.Ne7+ Kh8 21.Nxf5 gxf5 22.Bd4 f6
23.Re1 Rf7 24.c4 a5 25.a4 h6 26.Kc2 Kh7 27.Rde3 Rc8 28.b3 Rcc7 29.Re6 Kg6
30.Bc3 Bf8 31.Bxa5 Rb7 32.Bc3 Bc5 33.Rc6 Bf8 34.Ree6 Rbe7 35.Rxf6+  1-0

[Event "Cracovia Open A 2013-14"]
[Site "Krakow POL"]
[Date "2013.12.30"]
[Round "5.13"]
[White "Wisniowska,K"]
[Black "Yarmysty,M"]
[Result "1/2-1/2"]
[WhiteElo "2182"]
[BlackElo "2265"]

1.e4 d6 2.d4 Nf6 3.Nc3 c6 4.f4 Qa5 5.Bd2 e5 6.Nf3 Bg4 7.dxe5 dxe5 8.Nd5 Qd8
9.Nxf6+ Qxf6 10.fxe5 Qg6 11.Bd3 Nd7 12.Bc3 Bc5 13.Qd2 O-O-O 14.O-O-O Qe6
15.Kb1 Bxf3 16.gxf3 Nxe5 17.Qg5 Bd6 18.f4 h6 19.Qg1 Nxd3 20.cxd3 Bxf4 21.Qxa7 Bb8
22.Qc5 f6 23.h4 h5 24.Rhg1 Rd7 25.Qe3 Rhd8 26.Qf3 Be5 27.Ba5 Rh8 28.Bb6 Bc7
29.Bc5 b6 30.Be3 Kb7 31.Bc1 Be5 32.Be3 Ra8 33.b3 c5 34.Bc1 Kc6 35.Rg2 g5
36.hxg5 fxg5 37.Bxg5 Rxa2 38.d4 Ra8 39.d5+ Kb7 40.dxe6 Ra1+ 41.Kc2 Ra2+ 42.Kb1 Ra1+
43.Kc2 Ra2+  1/2-1/2

[Event "12th Nantes Open"]
[Site "Nantes FRA"]
[Date "2013.12.30"]
[Round "7.8"]
[White "Le Gallo,F"]
[Black "Le Borgne,P"]
[Result "1-0"]
[WhiteElo "1990"]
[BlackElo "2257"]

1.e4 d6 2.d4 Nf6 3.Nc3 Nbd7 4.f4 e5 5.Nf3 exd4 6.Qxd4 c6 7.Be3 d5 8.O-O-O c5
9.Qa4 d4 10.Bc4 Be7 11.Bxf7+ Kxf7 12.Ng5+ Ke8 13.Qc4 Rf8 14.Ne6 Nb6 15.Nxg7+ Kd7
16.Qe6+ Kc7 17.Nb5+ Kb8 18.Qe5+ Bd6 19.Nxd6 Ng4 20.Qxc5 Nxe3 21.Nb5 Bg4 22.Rxd4 Nd7
23.Qd6+ Kc8 24.f5 Rf7 25.Ne6 Qb6 26.Qxb6  1-0

[Event "10th Vandoeuvre Open"]
[Site "Vandoeuvre les Nancy FRA"]
[Date "2013.12.30"]
[Round "9.3"]
[White "Kozakov,M"]
[Black "Vajda,Le"]
[Result "1/2-1/2"]
[WhiteElo "2502"]
[BlackElo "2584"]

1.e4 d6 2.d4 Nf6 3.Nc3 Nbd7 4.Nf3 e5 5.Bc4 Be7 6.O-O O-O 7.Re1 c6 8.a4 b6
9.d5 c5 10.a5 bxa5 11.Bf1 Nb6 12.Nd2 Bd7 13.b3 g6 14.Nc4 Nxc4 15.Bxc4 Nh5
16.Bh6 Re8 17.Bb5 Bxb5 18.Nxb5 Qd7 19.Qd3 g5 20.g3 a6 21.Na3 Qh3 22.Qf1 Qxf1+
23.Kxf1 f6 24.Nc4 Kf7 25.Ne3 Bd8 26.Nf5 Bc7 27.Ke2 Rab8 28.h4 Kg6 29.Rh1 Rb4
30.Ra4 Rxe4+ 31.Rxe4 Kxf5 32.hxg5 Kxe4 33.Rxh5 fxg5 34.Bxg5 Kxd5 35.Rxh7 Kc6
36.Bd2 Rg8 37.Rh4 d5 38.g4 a4 39.bxa4 c4 40.Rh6+ Kc5 41.g5 Bd8 42.Rxa6 Bxg5
43.Ra5+ Kc6 44.Bb4 Rd8 45.Rc5+ Kb7 46.Rb5+ Kc6 47.Rc5+ Kb7 48.Rb5+ Kc6  1/2-1/2

[Event "37th Zurich Christmas 2013"]
[Site "Zurich SUI"]
[Date "2013.12.30"]
[Round "7.9"]
[White "Gallagher,Jo"]
[Black "Pelletier,Y"]
[Result "1-0"]
[WhiteElo "2495"]
[BlackElo "2576"]

1.e4 d6 2.d4 Nf6 3.Nc3 e5 4.Nf3 Nbd7 5.Bc4 Be7 6.O-O O-O 7.a4 c6 8.Re1 a5
9.h3 Nb6 10.Ba2 Nfd7 11.dxe5 dxe5 12.Be3 Qc7 13.Ng5 Bxg5 14.Bxg5 Nc5 15.Be3 Nbxa4
16.Nxa4 Nxa4 17.Bb3 Nb6 18.Bc5 Re8 19.Bxf7+ Qxf7 20.Bxb6 a4 21.Qd2 Qc4 22.b3 Qb5
23.Bc7 Ra6 24.bxa4 Rxa4 25.Rxa4 Qxa4 26.Bxe5 Rxe5 27.Qd8+ Kf7 28.Qxc8 Qb4
29.Re3 h6 30.Rf3+ Kg6 31.Qg8 Qd4 32.Rd3 Qc5 33.Rd7  1-0

[Event "37th Zurich Christmas 2013"]
[Site "Zurich SUI"]
[Date "2013.12.30"]
[Round "7.30"]
[White "Mittelberger,P"]
[Black "Marentini,M"]
[Result "0-1"]
[WhiteElo "2258"]
[BlackElo "2117"]

1.e4 d6 2.d4 Nf6 3.Nc3 e5 4.Nf3 Nbd7 5.Bc4 Be7 6.O-O O-O 7.h3 c6 8.Bb3 b5
9.d5 c5 10.Nxb5 Nxe4 11.Nd2 Nxd2 12.Bxd2 f5 13.c4 a6 14.Nc3 Bg5 15.Bxg5 Qxg5
16.f4 exf4 17.Qd2 Ne5 18.Rxf4 Nf3+  0-1

[Event "22nd Donau Open 2013"]
[Site "Aschach AUT"]
[Date "2013.12.31"]
[Round "7.1"]
[White "Abdumalik,Z"]
[Black "Popovic,Du"]
[Result "0-1"]
[WhiteElo "2342"]
[BlackElo "2547"]

1.e4 d6 2.d4 Nf6 3.Nc3 e5 4.Nf3 Nbd7 5.Bc4 Be7 6.O-O O-O 7.Re1 a6 8.a4 b6
9.Bg5 Bb7 10.Qd3 c6 11.Bxf6 Bxf6 12.d5 c5 13.Qd1 g6 14.Bf1 Be7 15.Nd2 f5
16.exf5 gxf5 17.f3 Kh8 18.Nc4 Bc8 19.Rb1 Rb8 20.Ne3 Bg5 21.Bc4 Qf6 22.Nf1 e4
23.fxe4 Ne5 24.Qe2 Bh4 25.Red1 f4 26.Nd2 Bg4 27.Nf3 Rb7 28.Kh1 Rg7 29.Qf1 Bxf3
30.gxf3 Rfg8 31.Be2 Bg3 32.Qg2 Rg6 33.Rg1 Qh4 34.h3 Bf2  0-1

[Event "89th Hastings Masters 2013-14"]
[Site "Hastings ENG"]
[Date "2013.12.31"]
[Round "4.35"]
[White "Fernandez,Michael"]
[Black "Snape,I"]
[Result "1-0"]
[WhiteElo "1975"]
[BlackElo "2229"]

1.e4 d6 2.d4 Nf6 3.Nc3 e5 4.dxe5 dxe5 5.Qxd8+ Kxd8 6.Bc4 Ke8 7.f4 Nbd7 8.Nf3 Bd6
9.O-O c6 10.Nxe5 Nxe5 11.fxe5 Bxe5 12.Bf4 Bxf4 13.Rxf4 Be6 14.Bxe6 fxe6 15.e5 Nd7
16.Raf1 Nxe5 17.Re4 Ng6 18.Rxe6+ Kd7 19.Re3 Rhf8 20.Rxf8 Rxf8 21.Ne4 Rf5
22.b4 b6 23.Ra3 a5 24.bxa5 bxa5 25.Rb3 Re5 26.Rb7+ Ke6 27.Nd2 Kf6 28.Rc7 Ne7
29.Kf2 h5 30.Ra7 Rf5+ 31.Kg1 Ng6 32.Ne4+ Ke6 33.Rxg7 Nf4 34.g4 Re5 35.Ng3 Kf6
36.Rc7 hxg4 37.Rxc6+ Ne6 38.Rc4 Kg5 39.Ne4+ Kh4 40.Nf2 Kh5 41.Rxg4 Ng5 42.Kg2 Re3
43.Ra4 Rc3 44.Rxa5 Rxc2 45.Ra4 Ne6 46.Kf3 Rc3+ 47.Ke2 Rc2+ 48.Ke3 Rc3+ 49.Kd2 Rf3
50.Ke2 Rc3 51.Re4 Ng5 52.Rd4 Ra3 53.Rd2 Ne6 54.Kd1 Ng5 55.Ke2 Kh4 56.Kd1 Kh5
57.Kc1 Nf3 58.Rd5+ Kg6 59.Kb2 Re3 60.Ng4 Re2+ 61.Kb3 Nxh2 62.Ne5+ Kf6 63.Nc4 Ke6
64.Rd1 Ng4 65.Rd4 Nf6 66.a4 Ne4 67.a5 Re1 68.Ka4 Ra1+ 69.Kb5 Nc3+ 70.Kb4 Nd5+
71.Kc5 Nf6 72.Kc6 Ke7 73.Rd2 Rc1 74.Rd4 Ra1 75.Kb7 Nd7 76.Kc7 Nf6 77.Ne5 Ne8+
78.Kb6 Rb1+ 79.Ka7 Nd6 80.Rh4 Ke6 81.Nd3 Kd7 82.Nb4 Nc8+ 83.Ka6 Nd6 84.Ka7 Nc8+
85.Kb8 Ne7 86.Rd4+ Ke6 87.Ka8 Nf5 88.Re4+ Kd7 89.Rf4 Ne7 90.Rd4+ Kc7 91.Rc4+ Kd7
92.a6 Kd6 93.a7 Nc8 94.Rxc8 Rxb4 95.Rb8 Ra4 96.Kb7 Rb4+ 97.Ka6 Ra4+ 98.Kb6  1-0

[Event "89th Hastings Masters 2013-14"]
[Site "Hastings ENG"]
[Date "2013.12.31"]
[Round "5.39"]
[White "Flynn,D"]
[Black "Pickersgill,A"]
[Result "1/2-1/2"]
[WhiteElo "1932"]
[BlackElo "1988"]

1.e4 d6 2.d4 Nf6 3.Nc3 c6 4.f4 Qa5 5.Bd3 e5 6.Nf3 Bg4 7.Be3 Nbd7 8.O-O Be7
9.h3 Bh5 10.Qd2 Bxf3 11.Rxf3 Qc7 12.Kh1 O-O 13.g4 Kh8 14.Raf1 Rae8 15.dxe5 dxe5
16.f5 Bc5 17.Bg5 Be7 18.a3 Rd8 19.Bxf6 Nxf6 20.g5 Ng8 21.h4 Rd6 22.Nd1 f6
23.Rg1 Rfd8 24.Ne3 Rd4 25.Qg2 R8d7 26.Rg3 b5 27.Qh2 a6 28.gxf6 Bxf6 29.Ng4 c5
30.Re3 c4 31.Bf1 Rd2 32.Re2 Rxe2 33.Bxe2 Rd2 34.Ne3 Ne7 35.Ng4 Ng8 36.Ne3 Qa7
37.Nd5 Qf7 38.Ne3 Ne7 39.Rd1 Rxd1+ 40.Bxd1 Nc6 41.Kg2 Qa7 42.Kf3 Qd4 43.c3  1/2-1/2

[Event "15th Czech Christmas"]
[Site "Litomysl CZE"]
[Date "2013.12.31"]
[Round "7.9"]
[White "Gazikova,Veronika"]
[Black "Kovar,V"]
[Result "1/2-1/2"]
[WhiteElo "2124"]
[BlackElo "2285"]

1.e4 d6 2.d4 Nf6 3.Nc3 e5 4.dxe5 dxe5 5.Qxd8+ Kxd8 6.Nf3 Bd6 7.Bc4 Be6 8.Bd3 h6
9.Nb5 Nbd7 10.Nxd6 cxd6 11.O-O Ke7 12.Nd2 Nc5 13.Re1 Rhc8 14.Nf1 a5 15.f3 Na6
16.Ne3 Nb4 17.a3 Nxd3 18.cxd3 Nd7 19.Kf2 Nc5 20.Ke2 Nb3 21.Rb1 Nd4+ 22.Kf2 Ba2
23.Bd2 Bxb1 24.Rxb1 Ke6 25.b4 axb4 26.Bxb4 Nc2 27.Nc4 Nxb4 28.Rxb4 Ra7 29.Ke3 Rc5
30.Rb6 Rc6 31.Rb5 Rxc4 32.dxc4 Rxa3+ 33.Kf2 Ra2+ 34.Kg3 Ra7 35.c5 d5 36.Rb6+ Kd7
37.exd5 Kc7 38.Kg4 Ra5 39.d6+ Kc8 40.d7+ Kxd7 41.Rxb7+ Ke6 42.Rb6+ Kd5 43.Rb7 Ra4+
44.Kg3 Rf4 45.Re7 Rf5 46.Rc7 h5 47.Kh4 g6 48.Kg3 g5 49.h4 f6 50.hxg5 Rxg5+
51.Kf2 Rg8 52.Rf7 Rg6 53.Rh7 Kxc5 54.Rxh5 Kd5 55.g4 Kd4 56.Rf5 Rh6 57.g5 fxg5
58.Rxg5 Rf6 59.Ke2 Rf4 60.Rh5 e4  1/2-1/2

[Event "89th Hastings Masters 2013-14"]
[Site "Hastings ENG"]
[Date "2014.01.02"]
[Round "6.32"]
[White "Pickersgill,A"]
[Black "Snape,I"]
[Result "1/2-1/2"]
[WhiteElo "1988"]
[BlackElo "2229"]

1.e4 d6 2.d4 Nf6 3.Nc3 e5 4.dxe5 dxe5 5.Qxd8+ Kxd8 6.Bg5 Be6 7.O-O-O+ Nd7
8.Nf3 Bd6 9.Bb5 Kc8 10.Nd2 h6 11.Bh4 g5 12.Bg3 Kd8 13.f3 a6 14.Bc4 b5 15.Bxe6 fxe6
16.Nb3 b4 17.Na4 Ke7 18.Bf2 g4 19.h3 gxf3 20.gxf3 Nh5 21.Bh4+ Kf7 22.Na5 Ndf6
23.Nc4 Rad8 24.Nab6 Nf4 25.Nxd6+ Rxd6 26.Nc4 Rxd1+ 27.Rxd1 Nxh3 28.Nxe5+ Kg7
29.Rh1 Nf4 30.Rg1+ Kh7 31.Rd1 Kg7 32.Rg1+ Kh7 33.Rd1 Kg7  1/2-1/2

[Event "Bay Area International 2014"]
[Site "Santa Clara USA"]
[Date "2014.01.03"]
[Round "3.19"]
[White "Bryant,J"]
[Black "Betaneli,A"]
[Result "1-0"]
[WhiteElo "2410"]
[BlackElo "2250"]

1.e4 d6 2.d4 Nf6 3.Nc3 e5 4.Nf3 Nbd7 5.Bc4 Be7 6.O-O O-O 7.Re1 a6 8.a4 b6
9.b3 Bb7 10.Bb2 h6 11.Qd2 Re8 12.Rad1 exd4 13.Nxd4 Bf8 14.f3 g6 15.Bf1 Bg7
16.Nde2 Qe7 17.Ng3 Qf8 18.Nh1 h5 19.Nf2 Nc5 20.Qc1 Bc6 21.Qa1 Ncd7 22.Na2 Bb7
23.c4 a5 24.Nd3 Nh7 25.Nc3 Ng5 26.Nb5 Rac8 27.Kh1 Ne6 28.e5 Nxe5 29.Nxe5 dxe5
30.Bxe5 Bxe5 31.Qxe5 Nc5 32.Qf4 Ne6 33.Qg3 Qb4 34.Bd3 Ng7 35.Bc2 Rxe1+ 36.Rxe1 Qd2
37.Bb1 c6 38.Nd6 h4 39.Ne4 hxg3 40.Nxd2 gxh2 41.Re7 Ba8 42.c5 bxc5 43.Nc4 Rd8
44.Bc2 Kf8 45.Ra7 Ne8 46.g4 Rb8 47.Ne5  1-0

[Event "19th Bosnjaci Open 2014"]
[Site "Bosnjaci CRO"]
[Date "2014.01.04"]
[Round "3.2"]
[White "Plenkovic,Z"]
[Black "Jovanovic,Zo CRO"]
[Result "0-1"]
[WhiteElo "2404"]
[BlackElo "2526"]

1.e4 d6 2.d4 Nf6 3.Nc3 e5 4.Nf3 Nbd7 5.Bc4 Be7 6.O-O Nb6 7.Be2 exd4 8.Nxd4 O-O
9.a4 a5 10.Nf5 Bxf5 11.exf5 d5 12.g4 h6 13.Kh1 Re8 14.f4 Bc5 15.g5 Ne4 16.Nxe4 dxe4
17.Qe1 e3 18.Qh4 Qd5+ 19.Rf3 Qxf5 20.Bd3 hxg5 21.Qg3 Qd5 22.fxg5 g6 23.Kg2 Nd7
24.Qh4 Ne5 25.Be4 Nxf3  0-1

[Event "89th Hastings Masters 2013-14"]
[Site "Hastings ENG"]
[Date "2014.01.04"]
[Round "8.29"]
[White "Roggensack,Hans Peter"]
[Black "Atkins,R"]
[Result "1/2-1/2"]
[WhiteElo "1972"]
[BlackElo "2176"]

1.e4 d6 2.d4 Nf6 3.Nc3 c6 4.Nf3 Bg4 5.Be2 Nbd7 6.h3 Bh5 7.a4 e5 8.Be3 Be7
9.dxe5 dxe5 10.Nd2 Bg6 11.O-O O-O 12.Bf3 Qc7 13.Qe2 Rfe8 14.Rfd1 a5 15.Qc4 Rac8
16.Nf1 b6 17.Ng3 Nc5 18.Rd2 Bf8 19.Bg5 Ne6 20.Bxf6 gxf6 21.Nce2 Nd4 22.Nxd4 exd4
23.Bg4 Rcd8 24.Rxd4 Rxd4 25.Qxd4 Bc5 26.Qd7 Qe5 27.Re1 Kf8 28.Qd3 h5 29.Bd1 h4
30.Nf1 Bxe4 31.Qd2 Qg5 32.Qxg5 fxg5 33.Ne3 f5 34.Kf1 Rd8 35.Bf3 Bxf3 36.gxf3 Rd2
37.Re2 Bxe3 38.fxe3 Rxe2 39.Kxe2 Ke7 40.f4 gxf4 41.exf4 Kd6 42.Kd3 Kc5 43.c3 b5
44.b3  1/2-1/2

[Event "89th Hastings Masters 2013-14"]
[Site "Hastings ENG"]
[Date "2014.01.04"]
[Round "8.39"]
[White "French,Max"]
[Black "Pickersgill,A"]
[Result "0-1"]
[WhiteElo "1718"]
[BlackElo "1988"]

1.d4 d6 2.e4 Nf6 3.Nc3 c6 4.f4 Qa5 5.e5 Ne4 6.Qf3 d5 7.Bd3 Na6 8.Bxe4 dxe4
9.Qf2 Bf5 10.Be3 Nb4 11.a3 e6 12.Rd1 Nd5 13.Ne2 Nxc3 14.Nxc3 Qa6 15.Qe2 Qxe2+
16.Nxe2 Be7 17.O-O h5 18.Bf2 e3 19.Bxe3 Bxc2 20.Rc1 Bd3 21.Rfe1 Bxe2 22.Rxe2 O-O
23.Rf2 g6 24.h3 h4 25.Rf3 Rfd8 26.g3 hxg3 27.Rxg3 Kg7 28.Rg4 Rd5 29.h4 Rh8
30.Bf2 Bd8 31.Kg2 Bb6 32.Rc4 Rhd8 33.Rb4 R8d7 34.h5 Bxd4 35.Bh4 Bc5 36.Rb3 Rd2+
37.Kf3 Be7 38.Bxe7 Rxe7 39.hxg6 fxg6 40.Ke3 Rh2 41.Ke4 Kf7 42.Rgg3 Rd7 43.Rgd3 Re2+
44.Re3 Rxe3+ 45.Kxe3 b6 46.Rc3 c5 47.Kf3 g5 48.fxg5 Kg6 49.a4 Rd5 50.a5 bxa5
51.Ra3 c4 52.Ra4 Rb5 53.Rxc4 Rxb2 54.Kf4 Rb4  0-1

[Event "TCh-NED Meesterklasse 2013-14"]
[Site "Netherland NED"]
[Date "2014.01.04"]
[Round "4.6"]
[White "De Mie,M"]
[Black "Danielian,E"]
[Result "0-1"]
[WhiteElo "2214"]
[BlackElo "2465"]

1.e4 c6 2.d4 d6 3.Nc3 Nf6 4.Bg5 Nbd7 5.f4 h6 6.Bh4 Qa5 7.Qd2 e5 8.O-O-O exf4
9.e5 dxe5 10.dxe5 Nxe5 11.Bxf6 gxf6 12.Qxf4 Be7 13.Ne4 Ng6 14.Nd6+ Kf8 15.Qg3 Be6
16.a3 Rd8 17.Be2 Kg7 18.Nh3 Bxh3 19.gxh3 Bxd6 20.Rxd6 Qg5+ 21.Qxg5 fxg5 22.Rhd1 Rxd6
23.Rxd6 Re8 24.Bg4 Ne5 25.b3 Nxg4 26.hxg4 Re2 27.Rd7 Rxh2 28.Rxb7 h5 29.gxh5 g4
30.Rb4 f5 31.Rb7+ Kh6 32.Rc7 g3 33.Rxc6+ Kxh5  0-1

[Event "TCh-NED Meesterklasse 2013-14"]
[Site "Netherland NED"]
[Date "2014.01.04"]
[Round "4.9"]
[White "Kevlishvili,Robby"]
[Black "Hachijan,A"]
[Result "0-1"]
[WhiteElo "2056"]
[BlackElo "2216"]

1.e4 d6 2.d4 Nf6 3.Nc3 e5 4.Nge2 Be7 5.g3 O-O 6.Bg2 Nbd7 7.O-O Re8 8.h3 Bf8
9.g4 exd4 10.Qxd4 g6 11.Ng3 Bg7 12.Qd1 Nb6 13.Kh1 Nfd7 14.f4 Nc5 15.Qf3 Bd7
16.f5 Qh4 17.f6 Bh6 18.Nd5 Bxc1 19.Raxc1 Nxe4 20.Nxe4 Nxd5 21.Nxd6 Bc6 22.Nxe8 Nf4
23.Qxf4 Qxh3+ 24.Qh2 Bxg2+ 25.Kg1 Bxf1 26.Qxh3 Bxh3 27.Nxc7 Rd8 28.Re1 Bxg4
29.Re7 h5 30.Nb5 a6 31.Nc3 Bf3 32.Kf2 Bc6 33.Ne4 Bxe4 34.Rxe4 Rd6 35.Rb4 Rxf6+
36.Kg3 b6 37.a4 Kg7 38.a5 bxa5 39.Rd4 Rc6 40.c4 a4 41.Kf4 Kf6 42.Ke4 Ke6
43.Ke3 f5  0-1

[Event "26th Staufer-Open A 2014"]
[Site "Schwaebisch Gmuend GER"]
[Date "2014.01.04"]
[Round "5.6"]
[White "Mladenov,Sv"]
[Black "Pokrupa,M"]
[Result "1-0"]
[WhiteElo "2467"]
[BlackElo "2183"]

1.e4 d6 2.d4 Nf6 3.Nc3 e5 4.Nf3 Nbd7 5.Bc4 Be7 6.O-O O-O 7.Re1 c6 8.a4 b6
9.Ba2 Bb7 10.Nh4 Re8 11.Nf5 Bf8 12.dxe5 Nxe5 13.Bf4 Qd7 14.Bg5 Nxe4 15.Nh6+ gxh6
16.Nxe4 Qf5 17.Bh4 Ng4 18.Qxg4+  1-0

[Event "89th Hastings Masters 2013-14"]
[Site "Hastings ENG"]
[Date "2014.01.05"]
[Round "9.29"]
[White "Pickersgill,A"]
[Black "Atkins,R"]
[Result "1/2-1/2"]
[WhiteElo "1988"]
[BlackElo "2176"]

1.e4 d6 2.d4 Nf6 3.Nc3 c6 4.a4 Nbd7 5.Nf3 e5 6.Bc4 Be7 7.O-O O-O 8.Re1 h6
9.Bb3 Re8 10.h3 Qc7 11.Be3 Nf8 12.Nh2 Ne6 13.dxe5 dxe5 14.Ng4 Nxg4 15.hxg4 Bb4
16.g3 Rd8 17.Qc1 Nd4 18.g5 hxg5 19.Bxg5 Rd6 20.Kg2 Bg4 21.f4 Bf3+ 22.Kh2 Re8
23.f5 Qd7 24.Bc4 g6 25.f6 Qg4 26.Bf1 Nxc2 27.Bh4 Nxe1 28.Qh6 Rxf6 29.Bxf6 Qh5+
30.Qxh5 gxh5 31.Rxe1 Re6 32.Bg5 Rd6 33.Bg2  1/2-1/2

[Event "89th Hastings Masters 2013-14"]
[Site "Hastings ENG"]
[Date "2014.01.05"]
[Round "9.8"]
[White "Tomczak,J"]
[Black "Foisor,C"]
[Result "0-1"]
[WhiteElo "2569"]
[BlackElo "2355"]

1.e4 d6 2.d4 Nf6 3.Nc3 e5 4.Nf3 Nbd7 5.Bc4 Be7 6.O-O O-O 7.Re1 c6 8.a4 a5
9.Ba2 h6 10.h3 Re8 11.Be3 Bf8 12.d5 c5 13.Nd2 Nb6 14.Bc4 Nxc4 15.Nxc4 Nd7
16.Nb5 Nb6 17.Nd2 f5 18.exf5 Bxf5 19.g4 Bg6 20.Nc3 Be7 21.Nde4 Qd7 22.b3 Rf8
23.f3 Rf7 24.Rf1 Raf8 25.Qe2 Bd8 26.Rad1 c4 27.Kg2 cxb3 28.cxb3 Nc8 29.Ng3 Bh4
30.Nb5 Qd8 31.Rc1 Rd7 32.Rfd1 Bxg3 33.Kxg3 Bf7 34.Qf2 Qf6 35.f4 exf4+ 36.Qxf4 Qd8
37.Qc4 Ne7 38.Kh2 Ng6 39.Bd4 Qg5 40.Bb2 Nf4 41.Nc3 Bg6 42.Rf1 Bd3 43.Qd4 Bxf1
44.Rxf1 Qe5 45.Ne4 Qxd4 46.Bxd4 Nxd5 47.Rd1 Rf3 48.Ng3 Rc7 49.Nf5 Rc2+ 50.Kg1 Nf4  0-1

[Event "89th Hastings Masters 2013-14"]
[Site "Hastings ENG"]
[Date "2014.01.05"]
[Round "9.33"]
[White "Chlost,M"]
[Black "Staniforth,Matthew"]
[Result "1-0"]
[WhiteElo "2167"]
[BlackElo "1899"]

1.e4 d6 2.d4 Nf6 3.Nc3 c6 4.a4 e5 5.Nf3 Nbd7 6.Bc4 Be7 7.O-O O-O 8.Ba2 Re8
9.Re1 h6 10.h3 Qc7 11.Be3 Nf8 12.Qd2 Ng6 13.a5 Bf8 14.Bc4 Bd7 15.Bf1 Rad8
16.dxe5 Nxe5 17.Nxe5 Rxe5 18.Bxa7 Rde8 19.f3 d5 20.Bd4 dxe4 21.Bxe5 Rxe5
22.Nxe4 Nxe4 23.Rxe4 Rg5 24.f4 Rg6 25.Kh1 Bf5 26.Re8 Rd6 27.Qe3 Qd7 28.Re1 Be6
29.Ra8 Rd4 30.Bd3 Qd6 31.f5 Bd7 32.Qe7 c5 33.Rxf8+  1-0